00948nam a22002177a 450000500170000000800410001702000150005804100080007308000140008111100910009524501150018626000540030130000300035544000750038549000750046050400410053565000570057665000560063370000200068970000210070920131017110756.0980204s1997 au a b 100 0 eng  a38532095560 aeng a004:061.32 aInterdisciplinary Information Management Talksn(6th :d1998 :cZadov, Czech Republic)00aIDIMT '98, 6th Interdisciplinary Information Management Talks : proceedings /cSusanne Hofer, Manfred Beneder. aWien :bUniversitatsverlag Rudolf Trauner,c1998. a389 f. :bme il ;c24 cm. 0aSchriftenreihe der Österreichischen Computer Gesellschaft ;vBd. 102 aSchriftenreihe der Österreichischen Computer Gesellschaft ;vBd. 102 aIncludes bibliographical references. 0aMenaxhimi i sistemeve të informacionitxKongreset. 0aMenaxhimi i burimeve të informacionitxKongreset.1 aHofer, Susanne.1 aBeneder, Manfred